| 000 | 00000nam 2200000zi 4500 |
| 001 | 9.947522 |
| 003 | CaOODSP |
| 005 | 20250131121523 |
| 006 | m o d f |
| 007 | cr bn||||||||| |
| 008 | 250129e198107 oncad ob f000 0 eng d |
| 040 | |aCaOODSP|beng|erda|cCaOODSP |
| 043 | |an-cn--- |
| 086 | 1 |aDR52-19/21-1981E-PDF |
| 100 | 1 |aBreda, Leo van, |d1946- |eauthor. |
| 245 | 10|aHuman factors study on course predictors using analytic modelling techniques / |cL. van Breda. |
| 264 | 1|aDownsview, Ontario : |bDefence and Civil Institute of Environmental Medicine : |bDepartment of National Defence - Canada, |cJuly 1981. |
| 300 | |a1 online resource (37 pages) : |billustrations, graphs. |
| 336 | |atext|btxt|2rdacontent |
| 337 | |acomputer|bc|2rdamedia |
| 338 | |aonline resource|bcr|2rdacarrier |
| 490 | 1 |aDCIEM report ; |vno. 81-R-28 |
| 500 | |aDigitized edition from print [produced by Defence R&D Canada]. |
| 504 | |aIncludes bibliographical references (pages 36-37). |
| 650 | 0|aNavigation|xComputer simulation. |
| 650 | 6|aNavigation|xSimulation par ordinateur. |
| 710 | 2 |aDefence and Civil Institute of Environmental Medicine (Canada), |eissuing body. |
| 710 | 1 |aCanada. |bDepartment of National Defence, |eissuing body. |
| 830 | #0|aDCIEM report ;|vno. 81-R-28.|w(CaOODSP)9.941842 |
| 856 | 40|qPDF|s1.15 MB|uhttps://publications.gc.ca/collections/collection_2025/rddc-drdc/DR52-19-21-1981-eng.pdf |